Integrated Landscape Approach For Issues Triggered By Urban Development In City Of Kharghar Navi Mumbai (Record no. 364684)

MARC details
000 -LEADER
fixed length control field 00428nam a2200121Ia 4500
008 - FIXED-LENGTH DATA ELEMENTS--GENERAL INFORMATION
fixed length control field 250110s9999 xx 000 0 und d
041 ## - LANGUAGE CODE
Language code of text/sound track or separate title eng
100 ## - MAIN ENTRY--PERSONAL NAME
Personal name Vishwakarma Trupti
9 (RLIN) 204911
245 ## - TITLE STATEMENT
Title Integrated Landscape Approach For Issues Triggered By Urban Development In City Of Kharghar Navi Mumbai
260 ## - PUBLICATION, DISTRIBUTION, ETC. (IMPRINT)
Name of publisher, distributor, etc. BNCA M Arch Digital Architecture
Place of publication, distribution, etc. Pune
Date of publication, distribution, etc. 2021
300 ## - PHYSICAL DESCRIPTION
Extent 147p
700 ## - ADDED ENTRY--PERSONAL NAME
Personal name Guide Name:Khatavkar Anupama
9 (RLIN) 211001
Holdings
Withdrawn status Lost status Damaged status Not for loan Home library Current library Date acquired Total Checkouts Barcode Date last seen Bill Date Koha item type Original Barcode
        Dr. Bhanuben Nanavati College of Architecture Dr. Bhanuben Nanavati College of Architecture 12/10/2023   BNCA-PR-2184 10/01/2025 10/01/2025 Project Reports PR2184